000
00333 a2200145 4500
001
169541
020
_a
040
_c
Magnum
100
_a
Miranda, Heloisa de Resende Pires
240
1
0
_a
Nossos filhos e seus problemas
_l
por
245
1
0
_a
Nossos filhos e seus problemas
362
0
_a
1899
697
_a
PSICOLOGIA
942
_c
BK
999
_c
169541
_d
169541